000 01232cam a22003738a 4500
001 11463867
003 OSt
005 20211214130739.0
006 m d
007 cr n
008 880426s1988 enk sb 00100 eng d
020 _a9788120333451
_c£35.00
035 _a(WaSeSS)ssj0001063278
038 _aKhadija
040 _dWaSeSS
_c.
050 4 _aTS155.6
_b.C654 2011
082 0 _a670.285
_219
_bALA
100 _aAlavudeen, A.
_986605
210 1 0 _aComputer-integrated manufacturing
245 0 0 _aComputer-integrated manufacturing /
_cA. Alavudeen
260 0 _aLondon ;
_aBoston :
_bButterworths,
_c1988.
263 _a8807
500 _aIncludes index.
504 _aBibliography: p.
506 _aLicense restrictions may limit access.
563 _aPB
650 0 _aComputer integrated manufacturing systems.
_986606
650 0 _aProduction engineering
_xData processing.
_986607
700 1 0 _aWeatherall, Alan.
_986608
773 0 _teBook - Engineering (Legacy 2) [EBCEL2]
856 4 0 _uhttp://www.columbia.edu/cgi-bin/cul/resolve?clio11463867
_zFull text available from eBook - Engineering (Legacy 2) [EBCEL2]
910 _aLibrary of Congress record
942 _2ddc
_cBK
999 _c32818
_d32818